Deconstruction and the politics of criticism/ (Record no. 66453)

000 -LEADER
fixed length control field 00521 a2200181 4500
020 ## - INTERNATIONAL STANDARD BOOK NUMBER
ISBN 9781138684973
082 ## - DEWEY DECIMAL CLASSIFICATION NUMBER
Classification number 801.95
Item number SIB/D
100 ## - MAIN ENTRY--AUTHOR NAME
Personal name Sibel Irzik
245 ## - TITLE STATEMENT
Title Deconstruction and the politics of criticism/
Statement of responsibility, etc by Sibel Irzik
260 ## - PUBLICATION, DISTRIBUTION, ETC. (IMPRINT)
Name of publisher Garland Publishing,
Place of publication New York,
Year of publication 1990.
300 ## - PHYSICAL DESCRIPTION
Number of Pages 94p.
490 ## - SERIES STATEMENT
Series statement Routledge library editions: literary theory;16.
650 ## - SUBJECT ADDED ENTRY--TOPICAL TERM
Topical Term Deconstruction
650 ## - SUBJECT ADDED ENTRY--TOPICAL TERM
Topical Term Literature Philosophical Aspects
650 ## - SUBJECT ADDED ENTRY--TOPICAL TERM
Topical Term Literary Criticism
650 ## - SUBJECT ADDED ENTRY--TOPICAL TERM
Topical Term Literature
942 ## - ADDED ENTRY ELEMENTS (KOHA)
Koha item type Book
Holdings
Withdrawn status Lost status Damaged status Not for loan Permanent Location Current Location Shelving location Date acquired Cost, normal purchase price Full call number Accession Number Price effective from Koha item type
        Sree Sankaracharya University of Sanskrit Sree Sankaracharya University of Sanskrit Stacks 17.11.2017 7327.00 801.95 SIB/D 085819 17.11.2017 Book